Statistics for Territories, Colonies, and Dependencies of the World

Click here to take the quiz!

General Stats

  • This quiz has been taken 413 times
  • The average score is 47 of 85

Answer Stats

ContinentMembership with the UN SystemTerritory% Correct
EuropeDanish Constituent CountryGreenland
82%
North AmericaBritish Overseas TerritoryBritish Virgin Islands
78%
North AmericaDutch Constituent CountryAruba
77%
EuropeDanish Constituent CountryFaroe Islands
77%
North AmericaUS Insular AreaPuerto Rico
76%
North AmericaUS Insular AreaUS Virgin Islands
76%
South AmericaBritish Overseas TerritoryFalkland Islands
75%
OceaniaUS Insular AreaGuam
75%
AsiaFormer UN Member (claimed by China)Taiwan
74%
OceaniaAustralian External TerritoryChristmas Island
73%
AsiaPRC Special Administrative RegionHong Kong
73%
AsiaUN Observer State (disputed by Israel)Palestine
73%
North AmericaDutch Constituent CountryCuraçao
72%
AfricaFrench Overseas RegionRéunion
72%
North AmericaFrench Overseas Department and RegionGuadeloupe
71%
EuropeCrown Dependency of the British CrownIsle of Man
71%
EuropeCrown Dependency of the British CrownJersey
71%
AsiaPRC Special Administrative RegionMacau
71%
North AmericaFrench Overseas CollectivitySaint Martin
71%
EuropeBritish Overseas TerritoryGibraltar
70%
EuropeNorwegian Unincorporated AreaSvalbard
70%
North AmericaBritish Overseas TerritoryBermuda
69%
South AmericaFrench Overseas Department and RegionFrench Guiana
69%
OceaniaFrench Overseas TerritoryFrench Polynesia
69%
North AmericaFrench Overseas Department and RegionMartinique
69%
OceaniaUS Insular AreaAmerican Samoa
68%
EuropeCrown Dependency of the British CrownGuernsey
68%
OceaniaFrench Sui Generis CollectivityNew Caledonia
68%
OceaniaMember of 5 UN specialised agenciesNiue
68%
AfricaNo Membership to the UN (claimed by Morocco)Sahrawi Arab Democratic Republic
67%
EuropeMember of two UN specialised agencies (claimed by Serbia)Kosovo
66%
AsiaNo Membership to the UN (claimed by Cyprus)Northern Cyprus
66%
OceaniaUS Insular AreaNorthern Mariana Islands
66%
AsiaNo Membership to the UN (claimed by Georgia)South Ossetia
66%
AsiaNo Membership to the UN (claimed by Georgia)Abkhazia
65%
North AmericaBritish Overseas TerritoryCayman Islands
65%
AfricaSpanish Autonomous CommunityCeuta
65%
North AmericaBritish Overseas TerritoryAnguilla
64%
OceaniaMember of 8 UN specialised agenciesCook Islands
64%
EuropeFinnish Autonomous RegionÅland
63%
North AmericaDutch Special MunicipalityBonaire
63%
AfricaNo Membership to the UN (claimed by Somalia)Somaliland
63%
AfricaFrench Overseas DepartmentMayotte
62%
AfricaSpanish Autonomous CityMelilla
61%
North AmericaDutch Constituent CountrySint Maarten
61%
South AmericaChilean Dependent TerritoryEaster Island
60%
North AmericaBritish Overseas TerritoryMontserrat
59%
EuropeNo membership to the UN (claimed by Moldova)Transnistria
59%
AfricaSpanish Autonomous CommunityCanary Islands
58%
AfricaBritish Overseas Territory (claimed by Mauritius)British Indian Ocean Territory
57%
AsiaAustralian External TerritoryCocos (Keeling) Islands
56%
South AmericaBritish Overseas TerritorySaint Helena
56%
OceaniaBritish Overseas TerritoryPitcairn Islands
55%
South AmericaBritish Overseas TerritorySouth Georgia and the South Sandwich Islands
53%
OceaniaDependent Territory of New ZealandTokelau
53%
OceaniaAustralian External TerritoryNorfolk Island
52%
North AmericaFrench Overseas CollectivitySaint Barthélemy
52%
North AmericaBritish Overseas TerritoryTurks and Caicos Islands
52%
AfricaPortuguese Autonomous CommunityMadeira
51%
North AmericaDutch Special MunicipalitySaba
50%
North AmericaFrench Overseas CollectivitySaint Pierre and Miquelon
50%
EuropeNorwegian Unincorporated AreaJan Mayen
49%
OceaniaFrench Overseas CollectivityWallis and Futuna
49%
North AmericaDutch Special MunicipalitySint Eustatius
45%
AsiaBritish Overseas TerritoryAkrotiri and Dhekelia
44%
AfricaNorwegian Dependent TerritoryBouvet Island
44%
AsiaNo Membership to the UN (claimed by Azerbaijan)Artsakh
38%
South AmericaBritish Overseas TerritoryTristan da Cunha
38%
OceaniaUS Insular AreaWake Island
37%
South AmericaBritish Overseas TerritoryAscension
34%
OceaniaUS Insular AreaPalmyra Atoll
29%
OceaniaUS Insular AreaBaker Island
27%
OceaniaFrench Overseas Minor TerritoryClipperton Island
26%
North AmericaUS Insular AreaNavassa Island
26%
OceaniaUS Insular AreaMidway Atoll
25%
OceaniaUS Insular AreaJohnston Atoll
24%
OceaniaAustralian External TerritoryCoral Sea Islands
23%
AfricaAustralian External TerritoryHeard Island and McDonald Islands
23%
OceaniaUS Insular AreaHowland Island
23%
OceaniaUS Insular AreaJarvis Island
23%
OceaniaUS Insular AreaKingman Reef
22%
OceaniaAustralian External TerritoryAshmore and Cartier Islands
21%
OceaniaFrench Overseas TerritoryFrench Southern and Antarctic Lands
19%
AfricaItalian TerritoryPelagie Islands
5%
AfricaSpanish Overseas TerritoryPlazas de soberanía
4%

Score Distribution

Percentile by Number Answered

Percent of People with Each Score

Your Score History

You have not taken this quiz